Southville International School and Colleges
Your cart is empty.
  • Cart
  • Lists
    Public lists Eva Luna New books Lux_list list_1
    Your lists Log in to create your own lists
  • Log in to your account
  • Your cookies
  • Search history
Southville International School and Colleges
  • Advanced search
  • Recent comments
  • Most popular
  • Libraries

Log in to your account

Log in with GOOGLE


If you do not have an external account, but do have a local account, you can still log in:

  1. Home
  2. MARC view: Effective business communication /
Normal view MARC view ISBD view

Effective business communication / (Record no. 18139)

[ view plain ]
MARC details
000 -LEADER
fixed length control field 00554nam a22002057a 4500
003 - CONTROL NUMBER IDENTIFIER
control field OSt
005 - DATE AND TIME OF LATEST TRANSACTION
control field 20140310183002.0
008 - FIXED-LENGTH DATA ELEMENTS--GENERAL INFORMATION
fixed length control field 130209t xxu||||| |||| 00| 0 eng d
020 ## - INTERNATIONAL STANDARD BOOK NUMBER
International Standard Book Number 9710867105
050 ## - LIBRARY OF CONGRESS CALL NUMBER
Classification number HF 5718.2.P6
Item number .B68 2008
100 ## - MAIN ENTRY--PERSONAL NAME
Personal name Bouing, Ronnie A.
245 ## - TITLE STATEMENT
Title Effective business communication /
Statement of responsibility, etc Ronnie A. Bouing
260 ## - PUBLICATION, DISTRIBUTION, ETC. (IMPRINT)
Place of publication, distribution, etc Mandaluyong City :
Name of publisher, distributor, etc National Book Store,
Date of publication, distribution, etc 2008.
300 ## - PHYSICAL DESCRIPTION
Extent 289 p. :
Dimensions 26 cm.
521 ## - TARGET AUDIENCE NOTE
Target audience note
650 ## - SUBJECT ADDED ENTRY--TOPICAL TERM
Topical term or geographic name as entry element Business communication
650 ## - SUBJECT ADDED ENTRY--TOPICAL TERM
Topical term or geographic name as entry element BSBA
942 ## - ADDED ENTRY ELEMENTS (KOHA)
Source of classification or shelving scheme Library of Congress Classification
Koha item type Books
Call number prefix Local
Holdings
Withdrawn status Lost status Source of classification or shelving scheme Damaged status Home library Current library Shelving location Date acquired Total Checkouts Full call number Barcode Date last seen Date checked out Copy number Price effective from Koha item type
    Library of Congress Classification   College Library College Library General Circulation Section 02/09/2013 1 HF 5718.2.P6 .B68 2008 C14610 08/05/2019 07/26/2019 1 02/09/2013 Books

Effective business communication /

APA

Bouing R. A., . (2008). Effective business communication. Mandaluyong City: National Book Store.

Chicago

Bouing Ronnie A, . 2008. Effective business communication. Mandaluyong City: National Book Store.

Harvard

Bouing R. A., . (2008). Effective business communication. Mandaluyong City: National Book Store.

MLA

Bouing Ronnie A, . Effective business communication. Mandaluyong City: National Book Store. 2008.

  • Place hold
  • Print
  • Cite
  • Add to your cart (remove)
  • Save record
    BIBTEX Dublin Core MARCXML MARC (non-Unicode/MARC-8) MARC (Unicode/UTF-8) MARC (Unicode/UTF-8, Standard) MODS (XML) RIS
  • More searches
    Search for this title in:
    Other Libraries (WorldCat) Other Databases (Google Scholar) Online Stores (Bookfinder.com) Open Library (openlibrary.org)

Exporting to Dublin Core...

SOUTHVILLE LIBRARY

Southville International School and Colleges Library

1281 Tropical Ave. Cor. Luxembourg St., BF Homes International, Las Pinas City

Tel. No. 8256374 / 252358 Loc. 117/146

Powered by Koha